000 00283nam a22001337a 4500
008 170529b xxu||||| |||| 00| 0 eng d
020 _a9780763795115
041 _aeng
080 _a007
100 _a27
101 _aIM
245 _aCYBERETHICS
_cSPINELLO, R.A
942 _2udc
_cBK
999 _c14733
_d14733